| 000 | 00513cam a22001577a 4500 | ||
|---|---|---|---|
| 008 | 180718b2002 xxu||||| |||| 00| 0 eng d | ||
| 082 | _aAPPPA 2001-02 KUK/22 | ||
| 100 | _aKukrety, B.P. | ||
| 245 |
_aFrom non performance to performance review of penality clauses in civil contracts _cby B.P. Kukrety |
||
| 260 |
_aNew Delhi _bIndian Institute of Public Administration _c2002 |
||
| 300 | _a133p. | ||
| 650 | _aCivil contracts | ||
| 650 | _aPenality clauses | ||
| 650 | _aPerformance | ||
| 650 | _aNon performance | ||
| 999 |
_c492053 _d492053 |
||